| 000 | 00374 a2200157 4500 | ||
|---|---|---|---|
| 005 | 20250629133302.0 | ||
| 020 | _a1592602703 | ||
| 082 | _a658 LAS | ||
| 100 | _aLASCU,D.N. | ||
| 245 | _aEssentials of Marketing | ||
| 250 | _a2nd Ed. | ||
| 260 |
_aOhio _bcincinati, _c2007. |
||
| 300 |
_axviii,621p.:pictures,tables _bIndex, _c26cm. |
||
| 700 | _aCLOW,C.K. | ||
| 942 |
_2ddc _cBKS |
||
| 999 |
_c6364 _d6364 |
||